000 00420nam a2200157Ia 4500
008 231221s9999 xx 000 0 und d
041 _aEnglish
082 _a370.15 SOM;1 R
100 _aSomashekar, T V.
245 0 _aEducational psycology and evaluation
250 _a3rd ed.
260 _c2008
_bNirmala Prakshana
_aBangalore
300 _avi, 379
650 _aEducational,psycology,evaluation
942 _cED
999 _c210909
_d210909